Function spaces and applications : proceedings of the US-Swedish seminar held in Lund, Sweden, June 15-21, 1986

Αποθηκεύτηκε σε:
Λεπτομέρειες βιβλιογραφικής εγγραφής
Συλλογικό Έργο: Naturvetenskapliga forskningsradet, National Science Foundation (U.S.)
Άλλοι συγγραφείς: Cwikel, M. (Michael) 1948- (Επιμελητής έκδοσης)
Μορφή: Βιβλίο
Γλώσσα:English
Δημοσίευση: Berlin : Springel-Verlag, c1988
Σειρά:Lecture notes in mathematics (Springer-Verlag) ; 1302
Θέματα:
Ετικέτες: Προσθήκη ετικέτας
Δεν υπάρχουν, Καταχωρήστε ετικέτα πρώτοι!

MARC

LEADER 00000cam a2200000 i 4500
001 1/27654
008 941103s1988 eng d
020 |a 3-540-18905-X 
035 |a 1993  |l 10037876 
040 |a GR-MY-UA  |b gre  |e aacr 
041 0 |a eng 
082 0 |a 515.73 
245 1 0 |a Function spaces and applications :  |b proceedings of the US-Swedish seminar held in Lund, Sweden, June 15-21, 1986 /  |c M. Cwikel ... [et al.], (eds.). 
260 |a Berlin :   |b Springel-Verlag,   |c c1988 
300 |a vi, 445 p.;  |c 25 cm. 
490 1 |a Lecture notes in mathematics (Springer-Verlag)  |v ; 1302 
500 |a Seminar was sponsored by the U.S National Science Foundation and Naturvetenskapliga forskningsradet 
500 |a Includes bibliographical references 
650 0 0 |a Function spaces  |x Congresses. 
650 0 0 |a Interpolation  |x Congresses. 
700 1 |a Cwikel, M.  |q (Michael)  |d 1948-  |e edt 
710 1 |a Naturvetenskapliga forskningsradet. 
710 2 |a National Science Foundation (U.S.) 
830 0 |a Lecture notes in mathematics (Springer-Verlag)  |v ; 1302 
852 |a INST  |b SAMOS  |e 19941103  |h 515.73 FUN  |p 005300006919  |q 005300006919  |t BK  |y 0 
909 |a Σ  |b 029172